000 02247nam a2200433Ii 4500
001 ocn992484095
003 OCoLC
005 20260304130953.0
008 170629t20172017enka bc 000 0 eng d
020 _a9780714873459
035 _a(OCoLC)992484095
_z(OCoLC)987281814
_z(OCoLC)1008849588
040 _aERASA
_beng
_erda
_cERASA
_dSFMMA
_dVP@
_dBTCTA
_dYDX
_dBDX
_dOCLCF
_dUAB
_dOCLCA
_dLANGC
_dOCLCO
_dOCL
_dUOH
041 _aEnglish
043 _aa-ja---
050 1 4 _aN7359.K87
_bH67 2017
100 _aHoptman, Laura J., - 1962- author.
_d1962-
_eauthor.
245 1 0 _aYayoi Kusama
_c/ Akira Tatehata, Laura Hoptman, Udo Kultermann, Catherine Taft.
250 _aSecond edition, revised and expanded.
264 1 _aLondon :
_bPhaidon,
_c2017.
300 _a238 pages :
_billustrations (some color) ;
_c30 cm.
380 _aCatalog.
490 1 _aContemporary artists.
500 _aFirst published: 2000.
504 _aIncludes bibliographical references (pages 234-236)
520 8 _aKusama is internationally renowned for her groundbreaking work on themes such as infinity, self-image, sexuality, and compulsive repetition. A well-known name in the Manhattan scene of the 1960s, Kusama's subsequent work combined Psychedelia and Pop culture with patterning, often resulting in participatory installations and series of paintings. This revised and expanded edition of the 2000 monograph, which is arguably still one of the most comprehensive studies on her work to date, has been augmented by an essay by Catherine Taft and a collection of new poems by the artist.
600 0 _aKusama, Yayoi - Criticism and interpretation.
_xCriticism and interpretation.
_926766
600 0 _aKusama, Yayoi - Interviews.
_vInterviews.
_926767
600 0 _aKusama, Yayoi.
_926768
655 0 _aIllustrated works
_924413
655 0 _aCriticism, interpretation, etc.
_922790
655 0 _aInterviews
_923088
700 _aKusama, Yayoi, - artist.
_eartist.
_926769
700 _aTatehata, Akira, - 1947- author.
_d1947-
_eauthor.
700 _aKultermann, Udo,
_eauthor.
_926771
700 _aTaft, Catherine,
_eauthor.
_926772
700 2 _aKusama, Yayoi. - Works. Selections.
_tWorks.
_kSelections.
830 0 _aContemporary artists.
942 _2lcc
999 _c5373
_d5373